Normal view
MARC view
Entry Geographic Name
001 - CONTROL NUMBER
- control field: 45650
003 - CONTROL NUMBER IDENTIFIER
- control field: ARRUPE
005 - DATE AND TIME OF LATEST TRANSACTION
- control field: 20190401095658.0
008 - FIXED-LENGTH DATA ELEMENTS
- fixed length control field: 190401|| aca||aabn | a|a d
040 ## - CATALOGING SOURCE
- Original cataloging agency: ARRUPE
- Transcribing agency: ARRUPE
151 ## - HEADING--GEOGRAPHIC NAME
- Geographic name: Hiroshima-shi (Japan)
- General subdivision: History
- Chronological subdivision: Bombardment, 1945.
670 ## - SOURCE DATA FOUND
- Source citation: Work cat.: (ARRUPE)0: Lifton, Robert Jay, 1926- 45648, Death in life :, c1991.